000 01075ngm a22003250a 4500
001 PT13987
003 AR-LpoUNG
005 20210202000533.0
007 vd cvaizq
008 191001s1998||||ag |||||||||||||||||spa d
037 _c$33.33
040 _aAR-LpoUNG
_bspa
_cAR-LpoUNG
_eaacr
041 _aspa
044 _aag
082 0 _a909.8 591v13
245 1 0 _a1989-1992, la caída del muro :
_bdel fin de los bloques al atentado a la embajada
260 _aBuenos Aires :
_bArte Gráfico Editorial Argentino,
_c1998.
300 _aVHS (35 min.) : son., col.
520 _aSumario: Fianl del gobierno de Alfonsín; China reprime en Tiananmen; Parejas homosexuales se casan en Dinamarca; Caída del muro de Berlín; Gabriela Sabatini; Nuevo orden internacional; EL mundo de Italia.
650 4 _aANALISIS HISTORICO
650 4 _aASPECTOS POLITICOS
650 4 _aCHINA
650 4 _aCONFLICTOS ARMADOS
650 4 _aDEMOCRACIA
650 4 _aFUERZAS ARMADAS
653 _aVIDEOS
710 2 _aClarín (Buenos Aires)
905 _a13987
942 _cVIDEO
999 _c55087
_d55087